[Event "London Classic Open 2014"]
[Site "London ENG"]
[Date "2014.12.12"]
[Round "5.4"]
[White "Buckley, Graeme N"]
[Black "Lenderman, Aleksandr"]
[Result "0-1"]
[WhiteTitle "IM"]
[BlackTitle "GM"]
[WhiteElo "2327"]
[BlackElo "2608"]
[WhiteFideId "402265"]
[BlackFideId "2021285"]
[EventDate "2014.12.08"]

1. d4 f5 2. Bg5 g6 3. Nd2 Bg7 4. e3 h6 5. Bh4 d6 6. Bd3 Qd7 7. Qe2 Nc6 8. c3 e5
9. dxe5 Nxe5 10. Bc2 Nf6 11. f4 Nc6 12. O-O-O O-O 13. Ngf3 Qf7 14. h3 Be6 15. g4
fxg4 16. hxg4 Nxg4 17. Rdg1 Rae8 18. Ne4 Bf5 19. Nfd2 Nxe3 20. Qxe3 d5 21. Bb3
Na5 22. Ba4 Rxe4 23. Nxe4 Bxe4 24. Bg3 Bxh1 25. Rxh1 d4 26. cxd4 Qxa2 27. Bc2
Qxb2+ 28. Kxb2 Nc4+ 29. Kc3 Nxe3 30. Bxg6 Nd5+ 31. Kc4 Nxf4 32. Be4 c6 33. Re1
Nd5 34. Be5 Nb6+ 35. Kc5 Rd8 36. Rg1 Nd7+ 37. Kc4 Nxe5+ 38. dxe5 Re8 39. Kd4 Kh8 0-1

[Event "London Classic Open 2014"]
[Site "London ENG"]
[Date "2014.12.12"]
[Round "5.5"]
[White "Fier, Alexandr"]
[Black "Greenfeld, Alon"]
[Result "1-0"]
[WhiteTitle "GM"]
[BlackTitle "GM"]
[WhiteElo "2592"]
[BlackElo "2536"]
[WhiteFideId "2107139"]
[BlackFideId "2800039"]
[EventDate "2014.12.08"]

1. d4 Nf6 2. c4 g6 3. Nc3 d5 4. cxd5 Nxd5 5. e4 Nxc3 6. bxc3 Bg7 7. Nf3 c5 8.
Be3 O-O 9. Be2 b6 10. Rc1 e6 11. h4 Bb7 12. e5 Qd5 13. h5 Nd7 14. c4 Qc6 15.
hxg6 fxg6 16. d5 Qc7 17. Ng5 exd5 18. Bg4 Rfe8 19. cxd5 Qxe5 20. Nxh7 Nf6 21.
Nxf6+ Bxf6 22. Be6+ Kg7 23. Qa4 Re7 24. Kf1 Rh8 25. Rxh8 Kxh8 26. Rd1 Qh5 27.
Qg4 Qxg4 28. Bxg4 Re4 29. Bd7 c4 30. Ba4 c3 31. Bc2 Rb4 32. d6 Ba6+ 33. Kg1 Be2
34. Rd5 Rb5 35. Rxb5 Bxb5 36. Bxg6 Bd7 37. f4 Kg7 38. Bc2 Kf7 39. f5 Be5 40. g4
Bxd6 41. Bd4 Bc5 42. Bxc5 bxc5 43. g5 Ke7 44. f6+ Kd6 45. g6 Be6 46. a3 Ba2 47.
Kf2 Ke6 48. f7 Ke7 49. Ke3 Bc4 50. Kf4 Ba2 51. Kg5 Bd5 52. Kh6 Kf8 53. Kh7 Bxf7
54. gxf7 Kxf7 55. Kh6 Kf6 56. Kh5 Ke5 57. Kg4 Kd4 58. Kf3 Kd5 59. Ke3 c4 60. Bb1 1-0

[Event "London Classic Open 2014"]
[Site "London ENG"]
[Date "2014.12.12"]
[Round "5.6"]
[White "Dourerassou, Jonathan"]
[Black "Bluebaum, Matthias"]
[Result "0-1"]
[WhiteTitle "IM"]
[BlackTitle "IM"]
[WhiteElo "2469"]
[BlackElo "2560"]
[WhiteFideId "628050"]
[BlackFideId "24651516"]
[EventDate "2014.12.08"]

1. e4 e6 2. d4 d5 3. Nc3 Nf6 4. e5 Nfd7 5. f4 c5 6. Nf3 Nc6 7. Be3 Be7 8. Qd2 b6
9. Nd1 O-O 10. c3 f5 11. Bd3 a5 12. O-O a4 13. c4 cxd4 14. Nxd4 Nxd4 15. Bxd4
dxc4 16. Bxc4 Nxe5 17. Qc3 Bb4 18. Bxe5 Bxc3 19. bxc3 Qe7 20. Ne3 Ba6 21. Bd4 b5
22. Be2 b4 23. c4 Rad8 24. Rad1 Rxd4 25. Rxd4 e5 26. Rd3 Qa7 27. Rf2 e4 28. Rd6
Qxe3 29. Rxa6 Rd8 30. Rxa4 Rd2 31. Kf1 Rxa2 0-1

[Event "London Classic Open 2014"]
[Site "London ENG"]
[Date "2014.12.12"]
[Round "5.7"]
[White "Hawkins, Jonathan"]
[Black "Arkell, Keith C"]
[Result "1/2-1/2"]
[WhiteTitle "IM"]
[BlackTitle "GM"]
[WhiteElo "2552"]
[BlackElo "2489"]
[WhiteFideId "412686"]
[BlackFideId "400270"]
[EventDate "2014.12.08"]

1. d4 d5 2. c4 c6 3. Nf3 Nf6 4. Nc3 g6 5. e3 Bg7 6. Bd3 O-O 7. O-O Bg4 8. h3
Bxf3 9. Qxf3 e6 10. Rd1 Nbd7 11. b3 Re8 1/2-1/2

[Event "London Classic Open 2014"]
[Site "London ENG"]
[Date "2014.12.12"]
[Round "5.8"]
[White "Piorun, Kacper"]
[Black "Wagner, Dennis"]
[Result "1/2-1/2"]
[WhiteTitle "GM"]
[BlackTitle "IM"]
[WhiteElo "2517"]
[BlackElo "2488"]
[WhiteFideId "1130420"]
[BlackFideId "24650684"]
[EventDate "2014.12.08"]

1. e4 e5 2. Nf3 Nc6 3. Bb5 Nf6 4. O-O Nxe4 5. d4 Nd6 6. Bg5 f6 7. dxe5 Nxb5 8.
exf6 gxf6 9. Bf4 Nd6 10. Re1+ Kf7 11. Nh4 Rg8 12. Qh5+ Kg7 13. Nc3 b6 14. Re3
Kh8 15. Rae1 Ne7 16. Bxd6 cxd6 17. Ne4 Ng6 18. Nxd6 Bxd6 19. Nxg6+ Rxg6 20. Re8+
Qxe8 21. Rxe8+ Kg7 22. Rg8+ Kxg8 23. Qd5+ Kh8 24. Qxa8 Rg8 25. Qxa7 Re8 26. Kf1
Bc5 27. g4 d5 28. Qf7 Rf8 29. Qxd5 Bxg4 30. Qe4 Bd7 31. b4 Re8 32. Qd3 Bd6 33.
h4 Re6 34. c4 Be8 35. Qf5 Bf7 36. a3 Be7 37. Kg2 Kg7 38. Qf3 Bg6 39. Kf1 Be4 40.
Qc3 Bg6 41. Qf3 Bf7 42. Kg2 Bg6 43. Kf1 Bf7 44. Kg2 1/2-1/2

[Event "London Classic Open 2014"]
[Site "London ENG"]
[Date "2014.12.12"]
[Round "5.9"]
[White "Cox, John J"]
[Black "Naroditsky, Daniel"]
[Result "0-1"]
[WhiteTitle "IM"]
[BlackTitle "GM"]
[WhiteElo "2361"]
[BlackElo "2620"]
[WhiteFideId "401064"]
[BlackFideId "2026961"]
[EventDate "2014.12.08"]

1. c4 Nf6 2. g3 e6 3. Nf3 d5 4. b3 d4 5. Bg2 c5 6. e3 Nc6 7. exd4 cxd4 8. O-O
Be7 9. d3 O-O 10. Bg5 e5 11. Nbd2 Bf5 12. Qe2 h6 13. Bxf6 Bxf6 14. a3 a5 15. Ne1
Qd7 16. Nc2 Bg4 17. Bf3 Bxf3 18. Qxf3 Bg5 19. Qe2 Rae8 20. Ne4 f5 21. Nxg5 hxg5
22. f3 Qd6 23. b4 axb4 24. axb4 Nxb4 25. Nxb4 Qxb4 26. Rab1 Qe7 27. Rb5 e4 28.
fxe4 fxe4 29. Rxf8+ Qxf8 30. dxe4 Qa3 31. Rxb7 Rf8 32. Kg2 Qd6 33. Qd3 g4 34.
Rb1 Rf3 35. Qd2 Qe5 36. Re1 Rc3 37. Qe2 Re3 38. Qd1 Qxe4+ 39. Kf2 0-1

[Event "London Classic Open 2014"]
[Site "London ENG"]
[Date "2014.12.12"]
[Round "5.10"]
[White "Hebden, Mark L"]
[Black "Jackson, James P"]
[Result "1/2-1/2"]
[WhiteTitle "GM"]
[BlackTitle "FM"]
[WhiteElo "2523"]
[BlackElo "2356"]
[WhiteFideId "400084"]
[BlackFideId "416860"]
[EventDate "2014.12.08"]

1. d4 g6 2. e4 Bg7 3. Nf3 d6 4. Bc4 Nf6 5. Qe2 O-O 6. e5 Ne8 7. h3 c5 8. c3 cxd4
9. cxd4 Nc7 10. Nc3 dxe5 11. dxe5 Nc6 12. O-O Nd4 13. Nxd4 Qxd4 14. Re1 Be6 15.
Bxe6 Nxe6 16. Qb5 Rab8 17. Re4 a6 18. Qb3 Qd7 19. Be3 b5 20. f4 Rfd8 21. Rd1 Qb7
22. Rxd8+ Rxd8 23. Qc2 Qc6 24. a4 Nc7 25. axb5 axb5 26. Qe2 e6 27. Bf2 Bf8 28.
Kh2 Be7 29. Re3 Nd5 30. Qf3 Qa8 31. Rd3 Nxc3 32. Qxa8 Rxa8 33. Rxc3 Ra4 34. Be3
g5 35. Kg3 gxf4+ 36. Bxf4 Kg7 37. Kf3 h5 38. g3 Kg6 39. Rc7 Bf8 40. Bd2 Rd4 41.
Ke3 Rd5 42. Bc3 Bc5+ 43. Ke4 b4 44. Be1 Bd4 45. Bxb4 Bxe5 46. Rc8 Bxb2 47. Bc3
Bxc3 48. Rxc3 f5+ 49. Kf3 Rd4 50. h4 Kf6 51. Ra3 Rb4 52. Rc3 Ke5 53. Re3+ Kd5
54. Ra3 e5 55. Ra8 Rb3+ 56. Kf2 Ke4 57. Rh8 Rb2+ 58. Kg1 Kf3 59. Rxh5 f4 60.
gxf4 e4 61. Re5 e3 62. f5 Kf4 63. Re8 Kxf5 1/2-1/2

[Event "London Classic Open 2014"]
[Site "London ENG"]
[Date "2014.12.12"]
[Round "5.11"]
[White "Amato, Andrea"]
[Black "Vakhidov, Jahongir"]
[Result "0-1"]
[WhiteTitle "FM"]
[BlackTitle "GM"]
[WhiteElo "2338"]
[BlackElo "2502"]
[WhiteFideId "813222"]
[BlackFideId "14201801"]
[EventDate "2014.12.08"]

1. c4 Nf6 2. Nc3 d5 3. cxd5 Nxd5 4. g3 g6 5. Bg2 Nb6 6. Nf3 Bg7 7. O-O Nc6 8. d3
O-O 9. Bd2 Rb8 10. Rc1 Bg4 11. h3 Bxf3 12. Bxf3 Nd4 13. Bg2 c6 14. b4 e5 15. a4
a6 16. b5 cxb5 17. axb5 a5 18. Ne4 Nd7 19. e3 Ne6 20. Qb3 b6 21. Rc6 Ndc5 22.
Nxc5 Nxc5 23. Qc2 Ne6 24. Bc1 Qd7 25. Ba3 Rfd8 26. Rd6 Qxd6 27. Bxd6 Rxd6 28. f4
Rbd8 29. Rd1 Nc5 30. Bf1 Ne4 31. Qg2 Nc3 32. Rc1 exf4 33. gxf4 Nd5 34. Qa2 Nxe3
35. Rc7 Nd5 36. Rb7 Bd4+ 37. Kh1 R6d7 38. Rxd7 Rxd7 39. Qc4 Nf6 40. f5 Kg7 41.
fxg6 hxg6 42. Qc6 Bc5 43. Qa8 Rd4 44. Be2 a4 45. Qa7 a3 46. Kg2 Nd5 47. Kg3 Nc3
48. Bg4 Rxd3+ 49. Kg2 Rd2+ 50. Kg3 Nxb5 51. Qa4 a2 52. h4 Rd3+ 0-1

[Event "London Classic Open 2014"]
[Site "London ENG"]
[Date "2014.12.12"]
[Round "5.12"]
[White "Fodor, Tamas Jr."]
[Black "Paterek, Michal"]
[Result "1/2-1/2"]
[WhiteTitle "GM"]
[BlackTitle "FM"]
[WhiteElo "2499"]
[BlackElo "2313"]
[WhiteFideId "723762"]
[BlackFideId "1116142"]
[EventDate "2014.12.08"]

1. d4 d5 2. c4 c6 3. Nc3 Nf6 4. Nf3 e6 5. g3 Nbd7 6. Qd3 Bd6 7. Bg2 O-O 8. O-O
Re8 9. e4 dxe4 10. Nxe4 Nxe4 11. Qxe4 e5 12. Re1 Nf6 13. Qh4 exd4 14. Rxe8+ Qxe8
15. Bg5 Be7 16. Re1 Qf8 17. Nxd4 h6 18. Bxf6 Bxf6 19. Qf4 1/2-1/2

[Event "London Classic Open 2014"]
[Site "London ENG"]
[Date "2014.12.12"]
[Round "5.13"]
[White "Holm, Kristian Stuvik"]
[Black "Gormally, Daniel W"]
[Result "1/2-1/2"]
[WhiteTitle "FM"]
[BlackTitle "GM"]
[WhiteElo "2326"]
[BlackElo "2499"]
[WhiteFideId "1508083"]
[BlackFideId "406465"]
[EventDate "2014.12.08"]

1. d4 Nf6 2. c4 e6 3. Nc3 Bb4 4. Qc2 c5 5. dxc5 O-O 6. Nf3 Na6 7. g3 Qa5 8. Bd2
Qxc5 9. e3 b6 10. Be2 Bb7 11. O-O Rac8 12. a3 Bxc3 13. Bxc3 Ne4 14. Bb4 Nxb4 15.
axb4 Qxb4 16. Rxa7 Bc6 17. Bd3 Nf6 18. Nd4 e5 19. Nxc6 dxc6 20. Ra4 Qe7 21. Be4
Nxe4 22. Qxe4 f5 23. Qc2 f4 24. exf4 exf4 25. c5 fxg3 26. hxg3 b5 27. Rh4 h6 28.
Re4 Qg5 29. Rfe1 Rcd8 30. R1e2 Rd5 31. b4 Qh5 32. Qb3 Kh8 33. Kg2 Rfd8 1/2-1/2

[Event "London Classic Open 2014"]
[Site "London ENG"]
[Date "2014.12.12"]
[Round "5.14"]
[White "Sadzikowski, Daniel"]
[Black "Constantinou, Peter"]
[Result "1-0"]
[WhiteTitle "IM"]
[BlackTitle "FM"]
[WhiteElo "2492"]
[BlackElo "2276"]
[WhiteFideId "1132253"]
[BlackFideId "413038"]
[EventDate "2014.12.08"]

1. d4 g6 2. c4 Bg7 3. e4 c5 4. Nf3 cxd4 5. Nxd4 Nc6 6. Be3 Nf6 7. Nc3 d6 8. Be2
O-O 9. O-O Bd7 10. Re1 Nxd4 11. Bxd4 Bc6 12. Bd3 a5 13. b3 Nd7 14. Bxg7 Kxg7 15.
Qd2 Qb6 16. Rab1 Ne5 17. Re3 f6 18. a4 Kh8 19. Bc2 Qc5 20. Rg3 Rg8 21. Kh1 g5
22. Nd5 Ng6 23. Rf1 Bd7 24. Bd1 Rg7 25. Bh5 Nf4 26. Bg4 Bxg4 27. Rxg4 Ng6 28.
Rg3 Rag8 29. Qd1 Nf4 30. Qf3 Ng6 31. Rd1 Ne5 32. Qe2 Ng6 33. Kg1 Rf8 34. Qd2
Rgf7 35. Ne3 h5 36. Nf5 h4 37. Re3 Nf4 38. Rf3 Rh7 39. h3 Rg8 40. Kf1 Qe5 41.
Re1 e6 42. Ne3 Qxe4 43. Ng4 Qg6 44. Qxd6 Rf7 45. g3 Nxh3 46. Qxe6 Kg7 47. Ne3 g4
48. Nf5+ Kh8 49. Nxh4 Qh7 50. Rxf6 Ng5 51. Rxf7 Nxf7 52. Qf6+ Qg7 53. Re6 Qxf6
54. Rxf6 Ne5 55. Rh6+ Kg7 56. Rb6 1-0

[Event "London Classic Open 2014"]
[Site "London ENG"]
[Date "2014.12.12"]
[Round "5.15"]
[White "Kerigan, Demre"]
[Black "Hector, Jonny"]
[Result "1/2-1/2"]
[WhiteTitle "FM"]
[BlackTitle "GM"]
[WhiteElo "2277"]
[BlackElo "2477"]
[WhiteFideId "6307841"]
[BlackFideId "1700090"]
[EventDate "2014.12.08"]

1. e4 e5 2. Nf3 Nc6 3. Bb5 a6 4. Bxc6 dxc6 5. O-O Bg4 6. h3 Bh5 7. g4 Bg6 8.
Nxe5 Bd6 9. Nxg6 hxg6 10. Qf3 Qd7 11. d4 O-O-O 12. Be3 f5 13. e5 Be7 14. c3 Rh4
15. Re1 fxg4 16. hxg4 Rf8 17. Qd1 Qd5 18. Kf1 Rh1+ 19. Ke2 Qb5+ 20. c4 Qxc4+ 21.
Kd2 Rxe1 22. Kxe1 Bb4+ 23. Nd2 c5 24. Qb3 Qxb3 25. axb3 cxd4 26. Bxd4 Rf4 27.
Bc3 Rxg4 28. Ra4 Rg1+ 29. Ke2 Bxc3 30. bxc3 Ne7 31. Rd4 Nc6 32. Rd5 Rg5 33. f4
Rf5 34. Ke3 g5 35. fxg5 Rxg5 36. Kf4 Rh5 37. Nf3 Ne7 38. Rd1 Rf5+ 39. Kg4 Rf8
40. Ng5 Rd8 41. Rxd8+ Kxd8 42. Ne6+ Ke8 43. c4 Nc6 44. Kf4 Kf7 45. Nxc7 Nd4 46.
Ke4 Nxb3 47. e6+ Ke7 48. Ke5 Na5 49. Nd5+ Kd8 50. c5 Nc4+ 51. Kf5 Nd2 52. Nb4
Nb3 53. c6 Nd4+ 54. Kg6 bxc6 55. Kf7 Nf5 56. Nxa6 Nd6+ 57. Kxg7 Ke7 58. Nc5 Nb5
59. Kg6 Nd4 60. Nb7 Nxe6 61. Kf5 Kd7 62. Ke5 Ng5 63. Na5 Kc7 64. Nxc6 1/2-1/2

[Event "London Classic Open 2014"]
[Site "London ENG"]
[Date "2014.12.12"]
[Round "5.16"]
[White "Webb, Matthew D"]
[Black "Zhou, Yang-Fan"]
[Result "1-0"]
[BlackTitle "IM"]
[WhiteElo "2141"]
[BlackElo "2477"]
[WhiteFideId "418250"]
[BlackFideId "468584"]
[EventDate "2014.12.08"]

1. e4 c5 2. Nf3 d6 3. d4 cxd4 4. Nxd4 Nf6 5. Nc3 g6 6. f4 Nc6 7. Be3 Bg7 8. Be2
O-O 9. Qd2 Bd7 10. O-O Rc8 11. Rac1 a6 12. a3 Qc7 13. Nxc6 Bxc6 14. Bf3 Rfe8 15.
Nd5 Bxd5 16. exd5 b5 17. b3 Qc3 18. Qxc3 Rxc3 19. Bd2 Rc7 20. Ba5 Rb7 21. Rfe1
Nd7 22. Re2 Kf8 23. Rce1 Bd4+ 24. Kf1 Bc5 25. Ra1 Rc8 26. Be1 Bd4 27. Ra2 Nb6
28. g4 Ra7 29. Re4 Bc3 30. Bf2 Rb7 31. Re2 a5 32. Kg2 Nd7 33. g5 Ra8 34. Bg4 Rc7
35. h4 Rb8 36. h5 f5 37. Bf3 Nc5 38. h6 Ke8 39. Kf1 Kd7 40. Be1 Na6 41. Re3 Bxe1
42. Kxe1 Rc5 43. c3 Nc7 44. Rae2 Re8 45. Rd2 a4 46. bxa4 bxa4 47. Rd4 Ra8 48. c4
Na6 49. Bd1 Ra5 50. Rd2 Nc5 51. Rde2 Re8 52. Rb2 Raa8 53. Rb4 Reb8 54. Bc2 Rxb4
55. axb4 a3 56. Bb1 Rb8 57. b5 a2 58. Bxa2 Ra8 59. Re2 Nd3+ 60. Kd1 Nxf4 61. Rb2
Kc7 62. Kd2 Kb6 63. Ke3 Nh3 64. Kd4 Nxg5 65. Re2 Nf3+ 66. Kc3 Ne5 67. Kb4 Nd3+
68. Kc3 Nc1 69. Rxe7 Nxa2+ 70. Kd4 Nc1 71. Rd7 Nb3+ 72. Kc3 Nc5 73. Rxd6+ Kb7
74. Kd4 Rc8 75. Rf6 Nb3+ 76. Kc3 Na5 77. c5 Rxc5+ 78. Kb4 Rxd5 79. Kxa5 Rd7 80.
Rf8 Kc7 81. Ka6 g5 82. b6+ Kc6 83. Rf6+ Kd5 84. Rxf5+ Ke6 85. Rxg5 1-0

[Event "London Classic Open 2014"]
[Site "London ENG"]
[Date "2014.12.12"]
[Round "5.17"]
[White "Stamos, Filippos"]
[Black "Wells, Peter K"]
[Result "1/2-1/2"]
[BlackTitle "GM"]
[WhiteElo "2060"]
[BlackElo "2468"]
[WhiteFideId "4242807"]
[BlackFideId "400327"]
[EventDate "2014.12.08"]

1. d4 Nf6 2. c4 e6 3. Nf3 b6 4. g3 Ba6 5. Qb3 Nc6 6. Nbd2 d5 7. Bg2 Bd6 8. cxd5
exd5 9. Qa4 Bb7 10. Nc4 dxc4 11. Ne5 Bb4+ 12. Kf1 Nd5 13. Qb5 Ne7 14. Nxc6 Qd7
15. Qxb4 Bxc6 16. Qxc4 O-O-O 17. Bf4 Bxg2+ 18. Kxg2 Nd5 19. Bd2 Rde8 20. Rhe1 f5
21. a4 Re6 22. a5 b5 23. Qd3 Rf8 24. Rac1 f4 25. Rc5 Rh6 26. h4 a6 27. Qf3 c6
28. e4 Ne7 29. Rec1 Qxd4 30. Bxf4 Re6 31. Qe3 Qxe4+ 32. Qxe4 Rxe4 33. Bd6 Re2
34. Bxe7 Rfxf2+ 35. Kg1 Rg2+ 36. Kf1 Ref2+ 37. Ke1 Re2+ 38. Kf1 Ref2+ 39. Ke1
Re2+ 40. Kf1 1/2-1/2

[Event "London Classic Open 2014"]
[Site "London ENG"]
[Date "2014.12.12"]
[Round "5.19"]
[White "White, Alastair F"]
[Black "Houska, Jovanka"]
[Result "0-1"]
[BlackTitle "IM"]
[WhiteElo "2058"]
[BlackElo "2388"]
[WhiteFideId "2402041"]
[BlackFideId "405094"]
[EventDate "2014.12.08"]

1. e4 c6 2. d3 d5 3. Nd2 e5 4. Ngf3 Bd6 5. d4 exd4 6. Bd3 Ne7 7. O-O Bg4 8. Re1
Nd7 9. exd5 cxd5 10. h3 Bh5 11. Nb3 Bb4 12. Re2 Bxf3 13. gxf3 O-O 14. Bf4 Nc6
15. a3 Qf6 16. axb4 Qxf4 17. b5 Nce5 18. Nxd4 Qxd4 0-1

[Event "London Classic Open 2014"]
[Site "London ENG"]
[Date "2014.12.12"]
[Round "5.20"]
[White "Milliet, Sophie"]
[Black "Cumming, Rhys"]
[Result "0-1"]
[WhiteTitle "IM"]
[WhiteElo "2387"]
[BlackElo "2057"]
[WhiteFideId "623725"]
[BlackFideId "470163"]
[EventDate "2014.12.08"]

1. e4 c5 2. Nf3 g6 3. c4 Bg7 4. d4 cxd4 5. Nxd4 Nc6 6. Be3 Nf6 7. Nc3 Ng4 8.
Qxg4 Nxd4 9. Qd1 e5 10. Bd3 O-O 11. O-O d6 12. Ne2 Be6 13. f3 Rc8 14. b3 Qa5 15.
Qd2 Qa3 16. Nxd4 exd4 17. Bh6 Bxh6 18. Qxh6 b5 19. cxb5 Rc3 20. Qd2 Rfc8 21.
Rfd1 Qc5 22. Kh1 Bd7 23. a4 Be6 24. b4 Qxb4 25. Bf1 d3 26. Qf2 Bb3 27. Rdb1 Qc5
28. Qd2 Bc2 29. Re1 Rb3 30. h3 Qc3 31. Qxc3 Rcxc3 32. Re3 d2 33. Rxc3 Rxc3 34.
Be2 Re3 0-1

[Event "London Classic Open 2014"]
[Site "London ENG"]
[Date "2014.12.12"]
[Round "5.21"]
[White "Sowray, Peter J"]
[Black "Sakai, Sou"]
[Result "1-0"]
[WhiteTitle "FM"]
[WhiteElo "2365"]
[BlackElo "1881"]
[WhiteFideId "400971"]
[BlackFideId "7001487"]
[EventDate "2014.12.08"]

1. d4 d6 2. c4 e5 3. e3 Nd7 4. Nc3 g6 5. Nf3 Bg7 6. Be2 Ngf6 7. O-O O-O 8. b4 a5
9. b5 Re8 10. Qc2 Qe7 11. a4 e4 12. Nd2 Nf8 13. Ba3 h5 14. Rfc1 b6 15. Rab1 Bf5
16. Nd5 Nxd5 17. cxd5 Rac8 18. Nf1 Qg5 19. Rb3 Bh3 20. Ng3 h4 21. gxh3 hxg3 22.
hxg3 Qxd5 23. Rc3 Ne6 24. Bc4 Qf5 25. Bxe6 Rxe6 26. Rxc7 Rce8 27. Rc8 Qxh3 28.
Bxd6 Kh7 29. d5 Re5 30. Bxe5 Rxe5 31. Rc4 Qf5 32. d6 Bf8 33. d7 Qxd7 34. Rxe4
Rh5 35. Qc4 Rg5 36. Qc8 Qd5 37. Qxf8 1-0

[Event "London Classic Open 2014"]
[Site "London ENG"]
[Date "2014.12.12"]
[Round "5.22"]
[White "Fernandez, Daniel Howard"]
[Black "Sathyanandha, Saravanan"]
[Result "1-0"]
[WhiteTitle "IM"]
[WhiteElo "2454"]
[BlackElo "2190"]
[WhiteFideId "5801605"]
[BlackFideId "470929"]
[EventDate "2014.12.08"]

1. d4 Nf6 2. Nf3 e6 3. c4 b6 4. g3 Bb7 5. Bg2 Be7 6. O-O O-O 7. Nc3 Ne4 8. Nxe4
Bxe4 9. Ne1 Bxg2 10. Nxg2 d5 11. cxd5 exd5 12. Bf4 Qd7 13. Rc1 c5 14. dxc5 bxc5
15. b4 c4 16. Bxb8 Raxb8 17. Rxc4 Rfd8 18. Rd4 Bf6 19. Rd3 Rxb4 20. Nf4 d4 21.
e4 Qc6 22. Nd5 Rxd5 23. exd5 Qxd5 24. Qf3 Qxf3 25. Rxf3 Rb6 26. Rb3 Rd6 27. Rc1
g5 28. Kf1 Kg7 29. Ke2 Kg6 30. Ra3 a6 31. Kd3 h5 32. h3 Rb6 33. Rb3 Re6 34. Rb7
Re5 35. Rc6 Rf5 36. Rxa6 Rxf2 37. Rbb6 g4 38. hxg4 hxg4 39. a4 Rf3+ 40. Ke4 1-0

[Event "London Classic Open 2014"]
[Site "London ENG"]
[Date "2014.12.12"]
[Round "5.23"]
[White "Farrand, Tom"]
[Black "McDonald, Neil"]
[Result "1/2-1/2"]
[BlackTitle "GM"]
[WhiteElo "2172"]
[BlackElo "2431"]
[WhiteFideId "406457"]
[BlackFideId "400629"]
[EventDate "2014.12.08"]

1. e4 e6 2. d4 d5 3. Nc3 Nf6 4. Bg5 Bb4 5. exd5 Qxd5 6. Bxf6 Bxc3+ 7. bxc3 gxf6
8. Qd2 Qa5 9. Ne2 Bd7 10. f3 Bb5 11. Ng3 Bxf1 12. Rxf1 Nd7 13. Kf2 O-O-O 14.
Rfb1 Nb6 15. Qd3 f5 16. Rb5 Qa3 17. Rab1 Qxa2 18. R1b3 c6 19. R5b4 Rd7 20. c4 c5
21. Ra3 Rxd4 22. Rxa2 Rxd3 23. Rxb6 Rd2+ 24. Ne2 Kb8 25. Rb3 Rhd8 26. Rba3 a6
27. Ra4 Rc8 28. Ke3 Rd6 29. R2a3 Ka7 30. Rd3 Rxd3+ 31. cxd3 Kb6 32. Ra2 Kc6 33.
Nc3 Rg8 34. g3 1/2-1/2

[Event "London Classic Open 2014"]
[Site "London ENG"]
[Date "2014.12.12"]
[Round "5.24"]
[White "Hagen, Andreas Skytte"]
[Black "Willmoth, Robert F"]
[Result "1-0"]
[WhiteTitle "IM"]
[WhiteElo "2430"]
[BlackElo "2182"]
[WhiteFideId "1407341"]
[BlackFideId "402540"]
[EventDate "2014.12.08"]

1. e4 e6 2. d4 d5 3. Nc3 Bb4 4. e5 c5 5. a3 Bxc3+ 6. bxc3 Ne7 7. h4 Qc7 8. h5
cxd4 9. cxd4 Qc3+ 10. Bd2 Qxd4 11. Nf3 Qb6 12. h6 gxh6 13. Bd3 Nbc6 14. Bxh6 Bd7
15. Bg7 Rg8 16. Rxh7 O-O-O 17. Kf1 Be8 18. Rb1 Qc7 19. Qe2 Qa5 20. Rb3 Rd7 21.
g3 Kb8 22. Kg2 Ka8 23. Kh3 Rc7 24. Bf6 Qc5 25. Rh4 Bd7 26. Qe1 Rgc8 27. Kg2 Ng8
28. Bg5 Qf8 29. Bc1 Rd8 30. a4 Bc8 31. Rh7 Rcd7 32. Ba3 Nge7 33. Ng5 Nd4 34. Rb1
Qg8 35. f4 Ng6 36. Qe3 Nc6 37. Rbh1 b6 38. R1h6 Bb7 39. Kh2 d4 40. Qd2 Ngxe5 41.
fxe5 Nxe5 42. Kh3 Nxd3 43. cxd3 f6 44. Rxd7 Rxd7 45. Ne4 Rg7 46. Rxf6 e5 47.
Rf8+ Bc8+ 48. Kg2 Qe6 49. Qc2 Kb8 50. Bd6+ Kb7 51. Bxe5 Qh3+ 52. Kg1 Be6 53.
Bxg7 1-0

[Event "London Classic Open 2014"]
[Site "London ENG"]
[Date "2014.12.12"]
[Round "5.25"]
[White "Smith, Andrew Philip"]
[Black "Adair, James R"]
[Result "0-1"]
[WhiteTitle "FM"]
[BlackTitle "IM"]
[WhiteElo "2148"]
[BlackElo "2428"]
[WhiteFideId "2500833"]
[BlackFideId "406252"]
[EventDate "2014.12.08"]

1. d4 e6 2. Nf3 Nf6 3. Bg5 c5 4. e3 h6 5. Bh4 b6 6. Bd3 Bb7 7. Nbd2 Be7 8. c3
Nc6 9. Qe2 Rc8 10. h3 cxd4 11. exd4 Nh5 12. Bxe7 Nxe7 13. Qe5 Nf6 14. Nc4 Nf5
15. Qe2 Bxf3 16. Qxf3 O-O 17. O-O Qc7 18. Ne5 Ne7 19. Rae1 Ne8 20. Bb1 Nd6 21.
Bd3 b5 22. Qh5 a5 23. Ng4 b4 24. Nxh6+ gxh6 25. Qxh6 Nef5 26. Qg5+ Ng7 27. Re3
f5 28. Rg3 Ne8 29. h4 Qd8 30. Qf4 Nf6 31. Qg5 Ne8 32. Qf4 bxc3 33. bxc3 Kf7 34.
Be2 Rh8 35. Rg5 Qc7 36. Qf3 Qxc3 37. Qf4 Qc7 38. Qf3 Rxh4 39. g3 Rxd4 40. Qh1
Nf6 41. Qh6 Rg8 42. Qg6+ Ke7 43. Qh6 Nge8 44. Rxg8 Nxg8 45. Qh7+ Kf8 46. Bh5 Ng7
47. Bf3 Rc4 48. Bd1 Rc1 49. Qh4 Kf7 50. Qg5 Rc5 51. Bh5+ Nxh5 52. Qxh5+ Kf8 53.
Qg5 f4 54. Qh4 Rc1 55. gxf4 Rxf1+ 56. Kxf1 Qc4+ 57. Kg1 Qxa2 58. Qd8+ Kf7 59.
Qxd7+ Ne7 60. Qd3 Qa1+ 61. Kg2 a4 0-1

[Event "London Classic Open 2014"]
[Site "London ENG"]
[Date "2014.12.12"]
[Round "5.26"]
[White "Zumsande, Martin"]
[Black "Lalic, Peter D"]
[Result "1-0"]
[WhiteTitle "IM"]
[WhiteElo "2428"]
[BlackElo "2180"]
[WhiteFideId "4651324"]
[BlackFideId "416711"]
[EventDate "2014.12.08"]

1. e4 c6 2. d4 d5 3. f3 e6 4. Nc3 b6 5. Be3 Nf6 6. e5 Nfd7 7. f4 Be7 8. Nf3 Ba6
9. Bxa6 Nxa6 10. O-O g6 11. Ne2 h5 12. b3 Nc7 13. a4 b5 14. c3 a5 15. Nc1 Nb6
16. Nd3 bxa4 17. bxa4 Nc4 18. Qe2 Rb8 19. Nd2 Nxd2 20. Bxd2 Na8 21. Rfb1 Rxb1+
22. Rxb1 Nb6 23. Be1 Nc4 24. Rb3 O-O 25. Nb2 Nxb2 26. Qxb2 c5 27. Rb5 cxd4 28.
cxd4 Bb4 29. Bxb4 axb4 30. Qxb4 Qh4 31. Qd2 Rc8 32. Rc5 Rb8 33. Rc1 Qg4 34. a5
Rb3 35. Ra1 Qf5 36. a6 Rb1+ 37. Rxb1 Qxb1+ 38. Kf2 Qa1 39. Qd3 Qa5 40. Kf3 Kg7
41. g3 Kg8 42. h3 Kg7 43. g4 hxg4+ 44. hxg4 Qa1 45. Kg2 Qa2+ 46. Kg3 Qa1 47. Kf2
Qa2+ 48. Kf3 Qa1 49. f5 gxf5 50. gxf5 Qa2 51. f6+ Kh6 52. Qe2 Qa1 53. Qh2+ Kg6
54. Qg3+ Kh5 55. Qg4+ Kh6 56. Qg7+ Kh5 57. Qxf7+ Kg5 58. Qg7+ Kh5 59. Qg4+ Kh6
60. Kg2 Qb2+ 61. Kh3 Qc1 62. Qf3 Kg5 63. f7 Qb1 64. Qg4+ 1-0